<?xml version="1.0" encoding="UTF-8"?>
<record
    xmlns:xsi="http://www.w3.org/2001/XMLSchema-instance"
    xsi:schemaLocation="http://www.loc.gov/MARC21/slim http://www.loc.gov/standards/marcxml/schema/MARC21slim.xsd"
    xmlns="http://www.loc.gov/MARC21/slim">

  <leader>01857nam a22001577a 4500</leader>
  <controlfield tag="008">120725t        xxu||||| |||| 00| 0 eng d</controlfield>
  <datafield tag="020" ind1=" " ind2=" ">
    <subfield code="a">8177222295</subfield>
  </datafield>
  <datafield tag="050" ind1=" " ind2=" ">
    <subfield code="a">QA766.G93</subfield>
  </datafield>
  <datafield tag="100" ind1=" " ind2=" ">
    <subfield code="a">Gupta, Vikas</subfield>
  </datafield>
  <datafield tag="245" ind1=" " ind2=" ">
    <subfield code="a">Comdex computer programming: course kit. /</subfield>
    <subfield code="c">Vikas Gupta</subfield>
  </datafield>
  <datafield tag="260" ind1=" " ind2=" ">
    <subfield code="a">New Delhi:</subfield>
    <subfield code="b">Dreamtech Press,</subfield>
    <subfield code="c">c2007.</subfield>
  </datafield>
  <datafield tag="300" ind1=" " ind2=" ">
    <subfield code="a">608 p.:</subfield>
    <subfield code="b">ill.;</subfield>
    <subfield code="c">23.</subfield>
  </datafield>
  <datafield tag="505" ind1=" " ind2=" ">
    <subfield code="a">Contents: Introduction to programming -- Getting started with C++ -- Variable and data types in C++ -- Operators in C++ -- Loops in C++ -- Array handling in C++ -- Function in C++ -- Structures in C++ -- Pointers in C++ -- Object-oriented programming --  Contents of e-book: C++ -- C -- VC++ -- Java: Introduction to java -- Getting started with java -- Operators in java -- Arrays in java -- Classes and objects in java -- Interfaces and packages in java -- Applets in java -- Exceptional handling in java -- Threads in java -- Visual basic: Getting started with visual basic -- Writing event procedures in visual basic -- Programming constructs in visual basic -- Creating font dialog box in visual basic -- Arrays in visual basic -- More about arrays in visual basic -- Commonly used functions in visual basic -- Working with menus in visual basic -- Working with MDI formsin visual basic -- Working with database in visual basic -- Visual basic.NET: Introduction to visual studio.NET -- Introduction to visual basic.NET -- Getting familiar with visual basic.NET -- A Console application using for...next loop in visual basic.NET -- Creating windows applications in visual basic.NET -- Creating a pull-down menu in visual basic.NET -- Using if condition in visual basic.NET -- VB.NET: Introduction to C# -- C# Programming fundamental -- Working with loops in C# -- Arrays in C# -- Creating windows application -- C#: Appendix.</subfield>
  </datafield>
  <datafield tag="650" ind1=" " ind2=" ">
    <subfield code="b">Computer programming.</subfield>
  </datafield>
  <datafield tag="942" ind1=" " ind2=" ">
    <subfield code="2">lcc</subfield>
    <subfield code="c">BK</subfield>
  </datafield>
  <datafield tag="999" ind1=" " ind2=" ">
    <subfield code="c">1824</subfield>
    <subfield code="d">9324</subfield>
  </datafield>
  <datafield tag="952" ind1=" " ind2=" ">
    <subfield code="0">0</subfield>
    <subfield code="1">0</subfield>
    <subfield code="2">lcc</subfield>
    <subfield code="4">0</subfield>
    <subfield code="7">0</subfield>
    <subfield code="a">WIUC-1</subfield>
    <subfield code="b">WIUC-1</subfield>
    <subfield code="c">GEN</subfield>
    <subfield code="d">2012-07-25</subfield>
    <subfield code="l">0</subfield>
    <subfield code="o">QA766.G93</subfield>
    <subfield code="p">5240/12</subfield>
    <subfield code="r">2012-07-25 00:00:00</subfield>
    <subfield code="t">1</subfield>
    <subfield code="w">2012-07-25</subfield>
    <subfield code="y">BK</subfield>
  </datafield>
  <datafield tag="952" ind1=" " ind2=" ">
    <subfield code="0">0</subfield>
    <subfield code="1">0</subfield>
    <subfield code="2">lcc</subfield>
    <subfield code="4">0</subfield>
    <subfield code="7">0</subfield>
    <subfield code="a">WIUC-1</subfield>
    <subfield code="b">WIUC-1</subfield>
    <subfield code="c">GEN</subfield>
    <subfield code="d">2012-07-25</subfield>
    <subfield code="l">0</subfield>
    <subfield code="o">QA766.G931</subfield>
    <subfield code="p">5241/12</subfield>
    <subfield code="r">2012-07-25 00:00:00</subfield>
    <subfield code="t">2</subfield>
    <subfield code="w">2012-07-25</subfield>
    <subfield code="y">BK</subfield>
  </datafield>
  <datafield tag="952" ind1=" " ind2=" ">
    <subfield code="0">0</subfield>
    <subfield code="1">0</subfield>
    <subfield code="2">lcc</subfield>
    <subfield code="4">0</subfield>
    <subfield code="7">0</subfield>
    <subfield code="a">WIUC-1</subfield>
    <subfield code="b">WIUC-1</subfield>
    <subfield code="c">GEN</subfield>
    <subfield code="d">2012-07-25</subfield>
    <subfield code="l">0</subfield>
    <subfield code="o">QA766.G932</subfield>
    <subfield code="p">5242/12</subfield>
    <subfield code="r">2012-07-25 00:00:00</subfield>
    <subfield code="t">3</subfield>
    <subfield code="w">2012-07-25</subfield>
    <subfield code="y">BK</subfield>
  </datafield>
  <datafield tag="952" ind1=" " ind2=" ">
    <subfield code="0">0</subfield>
    <subfield code="1">0</subfield>
    <subfield code="2">lcc</subfield>
    <subfield code="4">0</subfield>
    <subfield code="7">0</subfield>
    <subfield code="a">WIUC-1</subfield>
    <subfield code="b">WIUC-1</subfield>
    <subfield code="c">GEN</subfield>
    <subfield code="d">2012-07-25</subfield>
    <subfield code="l">0</subfield>
    <subfield code="o">QA766.G933</subfield>
    <subfield code="p">5243/12</subfield>
    <subfield code="r">2012-07-25 00:00:00</subfield>
    <subfield code="t">4</subfield>
    <subfield code="w">2012-07-25</subfield>
    <subfield code="y">BK</subfield>
  </datafield>
</record>
